[Event "NOR-ch U20"]
[Site "Lillehammer"]
[Date "2013.06.29"]
[Round "9"]
[White "Aartun, Magnus"]
[Black "Machlik, Jon"]
[Result "1-0"]
[WhiteElo "1673"]
[BlackElo "1839"]
[PlyCount "53"]
[EventDate "2013.06.29"]
[EventType "swiss"]
[EventRounds "9"]
[EventCountry "NOR"]
[SourceTitle "EXT 2017"]
[Source "ChessBase"]
[SourceDate "2016.10.25"]
[SourceVersion "1"]
[SourceVersionDate "2016.10.25"]
[SourceQuality "1"]

1. d4 f5 2. g3 Nf6 3. Bg2 e6 4. Nf3 Be7 5. c4 0-0 6. 0-0 d6 7. b3 Nbd7 8. Nc3 Qe8 9. Bb2 Qh5 10. Re1 e5 11. dxe5 dxe5 12. Nd5 Bd6 13. Nxf6+ Rxf6 14. c5 Nxc5 15. Bxe5 Bxe5 16. Qd8+ Rf8 17. Qd5+ Ne6 18. Nxe5 f4 19. g4 Qg5 20. h3 Rd8 21. Qa5 c6 22. Rad1 b6 23. Qc3 Bb7 24. Nxc6 Rdc8 25. Qc4 Qf6 26. Rd6 Kf7 27. Rxe6 1-0